| 000 | 01140nam a22003497a 4500 | ||
|---|---|---|---|
| 003 | CHAP | ||
| 005 | 20220329141049.0 | ||
| 008 | 971013s1994 r 00010 d | ||
| 010 | _a62088 | ||
| 011 | _a63060 | ||
| 035 | _a67236 | ||
| 040 | _cCHAP | ||
| 082 |
_a636.3 _bM36Y |
||
| 100 | 0 | 0 |
_aMarai, Ibrahim Fayez Mahamoud. _971228 |
| 245 | _aNuevas técnicas de producción ovina | ||
| 260 |
_aZaragoza, Esp. : _bACRIBIA, _c1994 |
||
| 300 |
_a323 p. _b: ilus. |
||
| 590 |
_aBATCH-UPD _b10 _c20130110 _lUCH01 _h0157 |
||
| 590 |
_aBATCH-UPD _b10 _c20130110 _lUCH01 _h1313 |
||
| 590 |
_aBATCH-UPD _b10 _c20130410 _lUCH01 _h0826 |
||
| 590 |
_aBATCH-UPD _b10 _c20130914 _lUCH01 _h1513 |
||
| 590 |
_aCONVERSION _b10 _c20130109 _lUCH01 _h1333 |
||
| 650 | 1 | 4 |
_aGanado lanar _xAlimentación. _945153 |
| 650 | 1 | 4 |
_aGanado lanar _xCruzas. _945168 |
| 650 | 1 | 4 |
_aGanado lanar _xFecundidad. _945181 |
| 650 | 1 | 4 |
_aGanado lanar _xGenética. _945182 |
| 650 | 1 | 4 |
_aGanado lanar _xProducción. _945214 |
| 700 | 0 |
_aOwen, J. B. _984421 |
|
| 901 | _aBK | ||
| 942 | _cLIBRO | ||
| 949 |
_a636.3 M36Y _bBC _cLIBRO _d33724000630489 _eLIBRO _gI.185441 _h91652 _i67236 _si _t354.00 |
||
| 999 |
_c62088 _d62088 |
||